Rozvoj ekonomiky afrických štátov v období posledných 20 rokov bakalárska práca

Na minha lista:
Detalhes bibliográficos
Autor principal: Kovalčíková, Lucia
Autor Corporativo: Fakulta medzinárodných vzťahov EU. Katedra medzinárodných ekonomických vzťahov a hospodárskej diplomacie
Outros Autores: Szikorová, Nóra
Formato: Livro
Idioma:eslovaco
Publicado em: Bratislava 2010
Tags: Adicionar Tag
Sem tags, seja o primeiro a adicionar uma tag!

MARC

LEADER 00000nam$a2200000$$$4500
001 0136921
005 20240320074503.8
041 0 |a slo 
044 |a SK 
245 1 0 |a Rozvoj ekonomiky afrických štátov v období posledných 20 rokov  |b bakalárska práca  |c Lucia Kovalčíková ; školiteľ: Nora Szikorová 
264 1 |a Bratislava  |c 2010 
300 |a 37 s. 
100 1 |a Kovalčíková, Lucia 
700 1 |a Szikorová, Nóra 
710 2 |a Fakulta medzinárodných vzťahov EU. Katedra medzinárodných ekonomických vzťahov a hospodárskej diplomacie